LEADER 00694nam0 2200229 450 001 000015192 005 20190109144008.0 100 $a20080804d1958----km-y0itay50------ba 101 0 $aita 102 $aIT 105 $ay-------001yy 200 1 $a<>traffici marittimi ed il lavoro nei porti$fLetterio Tomasello 210 $aPortici$cIl mese marittimo$dstampa 1958 215 $a224 p.$d22 cm 610 1 $aLavoro portuale 676 $a353.7$v19 700 1$aTomasello,$bLetterio$0631793 801 0$aIT$bUNIPARTHENOPE$c20080808$gRICA$2UNIMARC 912 $a000015192 951 $a353.7/100$b13489$cNAVA4 996 $aTraffici marittimi ed il lavoro nei porti$91202737 997 $aUNIPARTHENOPE LEADER 00885nam0 2200253 450 001 000022201 005 20190320124144.0 100 $a20090128d1960----km-y0itay50------ba 101 0 $aita 102 $aIT 105 $ay-------001yy 200 1 $aFormazione, utilizzazione, ammortamento delle immobilizzazioni$ealcuni aspetti economici e finanziari$fL. Massarese 210 $aNapoli$cTip. La nuovissima$d1960 215 $a166 p.$d25 cm 500 10$aFormazione, utilizzazione, ammortamento delle immobilizzazioni$947231 610 1 $aImprese$aCapitale 676 $a332$v16 700 1$aMassarese,$bLuigi$0570316 801 0$aIT$bUNIPARTHENOPE$c20090128$gRICA$2UNIMARC 912 $a000022201 951 $a520/9$b2455$cNAVA2$d2009 951 $aDEP V-0190$b15662$cNAVA4$d2009 996 $aFormazione, utilizzazione, ammortamento delle immobilizzazioni$947231 997 $aUNIPARTHENOPE